La vida de Beethoven

Uloženo v:
Podrobná bibliografie
Hlavní autor: Herriot, Edouard (Autor)
Médium: Kniha
Jazyk:španělština
Vydáno: Santiago Zig-Zag 1944
Edice:Biblioteca Musical
Témata:
Tagy: Přidat tag
Žádné tagy, Buďte první, kdo vytvoří štítek k tomuto záznamu!

MARC

LEADER 00000nam a2200000 a 4500
001 UCN1183
003 CL-VaPUC
008 010420e19440000CL |||||||||||||||||spa|d
082 0 4 |a 927.8  |b HER  |2 21 
100 |a Herriot, Edouard  |e author  |9 456655 
245 1 3 |a La vida de Beethoven 
300 |a 460 p 
942 |c BK 
945 |d 20010420 00:00:00  |a crobeson 
260 |a Santiago  |b Zig-Zag  |c 1944 
600 0 |a Beethoven, Ludwig van  |d 1770​-1827  |e compositor  |9 306286 
650 0 |a Compositores alemanes  |9 324765 
650 0 |a Biografías  |9 255210 
583 |a last modification  |c 20010420 00:00:00  |k Rodrigo Vera 
490 0 |a Biblioteca Musical 
999 |c 294758  |d 294756 
952 |0 0  |1 0  |4 0  |6 927_800000000000000_HER_1944  |7 0  |8 A  |9 347474  |a BIBEDU  |b BIBEDU  |d 2019-11-20  |i 1249010  |o 927.8 HER 1944  |p 1249010  |r 2023-01-12  |w 2019-11-20  |y BK  |k MUS 
952 |0 0  |1 0  |4 0  |6 927_800000000000000_HER_1944  |7 0  |8 A  |9 347475  |a BIBEDU  |b BIBEDU  |d 2019-11-20  |i 1249029  |o 927.8 HER 1944  |p 1249029  |r 2023-01-12  |w 2019-11-20  |y BK  |k MUS